[Event "6th Transport Ministry's Cup"]
[Site "Warsaw POL"]
[Date "1980.05.23"]
[Round "1"]
[White "Kuligowski, Adam"]
[Black "Schinzel, Wladyslaw"]
[Result "1-0"]
[WhiteElo "2405"]
[BlackElo "2385"]
[EventDate "1980.05.23"]
[PlyCount "81"]
[Source "Vistula"]
[SourceDate "1999.08.16"]

1.d4 Nf6 2.Nf3 e6 3.c4 d5 4.Bg5 h6 5.Bxf6 Qxf6 6.Nc3 c6 7.e3 Nd7 8.cxd5 
exd5 9.a3 a5 10.Bd3 Bd6 11.O-O O-O 12.Re1 Qd8 13.Rb1 Nf6 14.Qc2 Qc7 15.h3 
Qe7 16.Na4 Ne4 17.Nb6 Rb8 18.Nxc8 Rfxc8 19.Bxe4 dxe4 20.Nd2 f5 21.Nc4 Bc7 
22.b4 axb4 23.axb4 b5 24.Na5 Bxa5 25.bxa5 Qe6 26.Qc5 Ra8 27.Rec1 Kf7 28.
Qb4 Rd8 29.Rc2 Ra6 30.Rc5 Kg6 31.Rbc1 Rd6 32.Re5 Qd7 33.Rcc5 Rf6 34.d5 Qc7
35.dxc6 Rxa5 36.g4 Ra4 37.Qxb5 Ra1+ 38.Kg2 fxg4 39.hxg4 Qd6 40.Qe2 Qb8 41.
Qc2 1-0

[Event "6th Transport Ministry's Cup"]
[Site "Warsaw POL"]
[Date "1980.05.23"]
[Round "1"]
[White "Mazul, Waldemar"]
[Black "Rakic, Tomislav"]
[Result "1/2-1/2"]
[WhiteElo "2340"]
[BlackElo "2455"]
[EventDate "1980.05.23"]
[PlyCount "54"]
[Source "Vistula"]
[SourceDate "1999.08.16"]

1.e4 g6 2.d4 Bg7 3.Nf3 d6 4.Be2 Nf6 5.Nc3 O-O 6.h3 c6 7.a4 Nbd7 8.O-O e5 
9.Re1 Re8 10.dxe5 dxe5 11.Be3 Qe7 12.Bc4 h6 13.Qd2 Kh7 14.Rad1 Bf8 15.Bb3 
b6 16.Qe2 Nc5 17.Bxc5 bxc5 18.Bc4 Nh5 19.Qe3 Nf4 20.Ne2 Qc7 21.Nxf4 exf4 
22.Qd3 Bg7 23.c3 Rb8 24.Qd2 Be6 25.Bxe6 Rxe6 26.Re2 Rbe8 27.e5 g5 1/2-1/2

[Event "6th Transport Ministry's Cup"]
[Site "Warsaw POL"]
[Date "1980.05.23"]
[Round "1"]
[White "Pribyl, Josef"]
[Black "Bernard, Ryszard"]
[Result "1/2-1/2"]
[WhiteElo "2390"]
[BlackElo "2370"]
[EventDate "1980.05.23"]
[PlyCount "101"]
[Source "Vistula"]
[SourceDate "1999.08.16"]

1.d4 d5 2.Nf3 Nf6 3.Bf4 c6 4.Nbd2 Bf5 5.e3 h6 6.Bd3 Bxd3 7.cxd3 e6 8.O-O 
Nbd7 9.Qc2 Be7 10.Rfc1 O-O 11.Nb3 Nh5 12.Bg3 Nxg3 13.hxg3 Bd6 14.Nc5 Bxc5 
15.dxc5 e5 16.e4 dxe4 17.dxe4 Qe7 18.Qc4 Rfd8 19.b4 Nf6 20.a3 g6 21.Rd1 
Rxd1+ 22.Rxd1 Rd8 23.Rd3 Rxd3 24.Qxd3 Qe6 25.Nd2 Qa2 26.f3 h5 27.Nc4 Qa1+ 
28.Kf2 Qa2+ 29.Qe2 Qa1 30.Qb2 Qxb2+ 31.Nxb2 a5 32.Nc4 axb4 33.axb4 Nd7 34.
Na5 Nb8 35.Nxb7 Na6 36.Ke2 Nxb4 37.Kd2 Kf8 38.Kc3 Na6 39.Kb3 Ke7 40.Ka4 
Kd7 41.Ka5 Nc7 42.Nd6 f6 43.Kb6 Ne6 44.Nc4 g5 45.Nb2 Nd4 46.Nd3 Ne2 47.Nb4
Nd4 48.Kb7 Nb3 49.Kb6 Nd4 50.Nd3 Ne2 51.Nb4 1/2-1/2

[Event "6th Transport Ministry's Cup"]
[Site "Warsaw POL"]
[Date "1980.05.23"]
[Round "1"]
[White "Schmidt, Wlodzimierz"]
[Black "Doda, Zbigniew"]
[Result "1/2-1/2"]
[WhiteElo "2430"]
[BlackElo "2370"]
[EventDate "1980.05.23"]
[PlyCount "25"]
[Source "Vistula"]
[SourceDate "1999.08.16"]

1.c4 g6 2.Nc3 Bg7 3.g3 c5 4.Bg2 Nc6 5.e3 d6 6.Nge2 h5 7.h3 Bd7 8.O-O Nf6 
9.d4 O-O 10.b3 a6 11.Bb2 Rb8 12.Qd2 Qc8 13.Kh2 1/2-1/2

[Event "6th Transport Ministry's Cup"]
[Site "Warsaw POL"]
[Date "1980.05.23"]
[Round "1"]
[White "Sznapik, Aleksander"]
[Black "Bugajski, Robert"]
[Result "1-0"]
[WhiteElo "2460"]
[BlackElo "2290"]
[EventDate "1980.05.23"]
[PlyCount "79"]
[Source "Vistula"]
[SourceDate "1999.08.16"]

1.e4 c5 2.Nf3 d6 3.d4 cxd4 4.Nxd4 Nf6 5.Nc3 e6 6.Be2 Be7 7.O-O O-O 8.f4 
Nc6 9.Be3 e5 10.Nb3 exf4 11.Bxf4 Be6 12.Kh1 d5 13.e5 Ne4 14.Bd3 f5 15.exf6
Bxf6 16.Nxe4 dxe4 17.Nc5 Bd5 18.Nxe4 Bxb2 19.Rb1 Be5 20.Qg4 Qc7 21.Ng5 g6 
22.c4 Bf7 23.Qh3 h5 24.Be3 Qd6 25.Rbd1 Be8 26.Rxf8+ Qxf8 27.Qe6+ Bf7 28.
Nxf7 Qxf7 29.Qxg6+ Qxg6 30.Bxg6 Kg7 31.Be4 Na5 32.Rd7+ Kf6 33.Bd5 Rf8 34.
g3 Bc3 35.Kg2 h4 36.Bxb7 h3+ 37.Kxh3 Rh8+ 38.Kg2 Rf8 39.Bc5 Nxc4 40.Bxf8 
1-0

[Event "6th Transport Ministry's Cup"]
[Site "Warsaw POL"]
[Date "1980.05.23"]
[Round "1"]
[White "Vogt, Lothar"]
[Black "Uhlmann, Wolfgang"]
[Result "1/2-1/2"]
[WhiteElo "2510"]
[BlackElo "2510"]
[EventDate "1980.05.23"]
[PlyCount "41"]
[Source "Vistula"]
[SourceDate "1999.08.16"]

1.Nf3 Nf6 2.c4 g6 3.Nc3 Bg7 4.e4 d6 5.d4 O-O 6.Be2 e5 7.O-O Nc6 8.d5 Ne7 
9.Ne1 Nd7 10.Nd3 f5 11.Bd2 fxe4 12.Nxe4 Nf5 13.f3 Nf6 14.Ndf2 Nxe4 15.Nxe4
Bh6 16.Bxh6 Nxh6 17.Qd2 Nf5 18.Bd3 Bd7 19.Kh1 Qh4 20.Qg5 Qxg5 21.Nxg5 
1/2-1/2

[Event "6th Transport Ministry's Cup"]
[Site "Warsaw POL"]
[Date "1980.05.24"]
[Round "2"]
[White "Bernard, Ryszard"]
[Black "Kuligowski, Adam"]
[Result "1/2-1/2"]
[WhiteElo "2370"]
[BlackElo "2405"]
[EventDate "1980.05.23"]
[PlyCount "89"]
[Source "Vistula"]
[SourceDate "1999.08.16"]

1.e4 c5 2.Nf3 d6 3.c3 Nf6 4.Bd3 Bg4 5.Bc2 Nc6 6.d3 g6 7.Nbd2 Rc8 8.h3 Bd7 
9.O-O Bg7 10.a4 O-O 11.Nc4 Qc7 12.Ne3 a6 13.Bd2 e5 14.Bb3 Be6 15.Re1 Rcd8 
16.Ng5 Bxb3 17.Qxb3 h6 18.Nf3 Kh7 19.Nh2 Ne7 20.Nhg4 Nh5 21.Nd5 Nxd5 22.
Qxd5 f5 23.exf5 gxf5 24.Nh2 Qd7 25.Qc4 Qe7 26.d4 cxd4 27.cxd4 e4 28.Qd5 
Qf7 29.Qxf7 Rxf7 30.g4 fxg4 31.hxg4 Nf4 32.Rxe4 Nh3+ 33.Kg2 Rxf2+ 34.Kxh3 
Rxd2 35.Nf3 Rxb2 36.Re7 Rc8 37.Ra3 Kg8 38.Rd7 Bf8 39.Re3 Rbc2 40.Rxb7 R2c3
41.Rxc3 Rxc3 42.Kg3 Ra3 43.Ra7 Rxa4 44.g5 hxg5 45.Nxg5 1/2-1/2

[Event "6th Transport Ministry's Cup"]
[Site "Warsaw POL"]
[Date "1980.05.24"]
[Round "2"]
[White "Bugajski, Robert"]
[Black "Mazul, Waldemar"]
[Result "1/2-1/2"]
[WhiteElo "2290"]
[BlackElo "2340"]
[EventDate "1980.05.23"]
[PlyCount "64"]
[Source "Vistula"]
[SourceDate "1999.08.16"]

1.d4 g6 2.c4 Bg7 3.e4 d6 4.Nc3 Nc6 5.d5 Nd4 6.Be3 e5 7.Nge2 Nxe2 8.Bxe2 
Ne7 9.c5 O-O 10.cxd6 cxd6 11.O-O f5 12.f3 f4 13.Bf2 g5 14.Rc1 Bd7 15.Qb3 
b6 16.Bb5 g4 17.Bxd7 Qxd7 18.Qb5 Qb7 19.fxg4 f3 20.Be3 fxg2 21.Kxg2 Ng6 
22.Rxf8+ Rxf8 23.Rf1 Nf4+ 24.Bxf4 exf4 25.Ne2 Qc8 26.Kf3 Qd8 27.h3 Qh4 28.
Kg2 h5 29.Qd7 f3+ 30.Rxf3 Rxf3 31.Kxf3 Qxh3+ 32.Ng3 h4 1/2-1/2

[Event "6th Transport Ministry's Cup"]
[Site "Warsaw POL"]
[Date "1980.05.24"]
[Round "2"]
[White "Doda, Zbigniew"]
[Black "Schinzel, Wladyslaw"]
[Result "1/2-1/2"]
[WhiteElo "2370"]
[BlackElo "2385"]
[EventDate "1980.05.23"]
[PlyCount "36"]
[Source "Vistula"]
[SourceDate "1999.08.16"]

1.Nf3 d5 2.g3 g6 3.Bg2 Bg7 4.d4 Nf6 5.O-O O-O 6.c4 c6 7.cxd5 cxd5 8.Nc3 
Ne4 9.Ne5 Nxc3 10.bxc3 Nc6 11.Nxc6 bxc6 12.Qa4 Qb6 13.Ba3 Qa6 14.Qxa6 Bxa6
15.Rfe1 Rfe8 16.e4 e6 17.e5 Bf8 18.Bxf8 Kxf8 1/2-1/2

[Event "6th Transport Ministry's Cup"]
[Site "Warsaw POL"]
[Date "1980.05.24"]
[Round "2"]
[White "Rakic, Tomislav"]
[Black "Vogt, Lothar"]
[Result "1/2-1/2"]
[WhiteElo "2455"]
[BlackElo "2510"]
[EventDate "1980.05.23"]
[PlyCount "122"]
[Source "Vistula"]
[SourceDate "1999.08.16"]

1.d4 Nf6 2.Nf3 g6 3.Bg5 Bg7 4.Nc3 h6 5.Bxf6 Bxf6 6.e4 d6 7.e5 Bg7 8.Bc4 e6
9.Qe2 d5 10.Bd3 Nd7 11.Nd1 c5 12.c3 a6 13.a4 cxd4 14.cxd4 Qa5+ 15.Nc3 Nb8 
16.O-O Nc6 17.Qe3 Bd7 18.Nd2 Qb4 19.Ne2 h5 20.f4 Rc8 21.b3 Ne7 22.Nf3 Bh6 
23.h3 Nc6 24.Bc2 Qe7 25.Rac1 Rc7 26.Bb1 Kd8 27.Qc3 Kc8 28.Ng5 Kb8 29.Qd2 
Rhc8 30.Kh2 Be8 31.Bd3 Qb4 32.Qb2 Na5 33.Rxc7 Rxc7 34.Rb1 Bf8 35.Nf3 Nc6 
36.Nc1 Qa3 37.Na2 Qxb2 38.Rxb2 Nb4 39.Nxb4 Bxb4 40.Rc2 Be7 41.Rxc7 Kxc7 
42.Ne1 Kb6 43.g4 hxg4 44.hxg4 Ka5 45.Nc2 Bxa4 46.bxa4 Kxa4 47.f5 gxf5 48.
gxf5 b5 49.f6 Bf8 50.Bh7 Kb3 51.Ne3 Kc3 52.Bg8 Kxd4 53.Ng4 a5 54.Bxf7 a4 
55.Bxe6 a3 56.Bd7 a2 57.e6 Bd6+ 58.Kg2 a1=Q 59.e7 Qe1 60.e8=Q Qg3+ 61.Kf1 
Qh3+ 1/2-1/2

[Event "6th Transport Ministry's Cup"]
[Site "Warsaw POL"]
[Date "1980.05.24"]
[Round "2"]
[White "Schmidt, Wlodzimierz"]
[Black "Sznapik, Aleksander"]
[Result "1/2-1/2"]
[WhiteElo "2430"]
[BlackElo "2460"]
[EventDate "1980.05.23"]
[PlyCount "31"]
[Source "Vistula"]
[SourceDate "1999.08.16"]

1.c4 g6 2.Nc3 c5 3.g3 Bg7 4.Bg2 Nc6 5.Nf3 e6 6.O-O Nge7 7.e3 O-O 8.d4 cxd4
9.Nxd4 Nxd4 10.exd4 d5 11.cxd5 Nxd5 12.Nxd5 exd5 13.Qb3 Be6 14.Be3 Qd7 15.
Rac1 Rfc8 16.h4 1/2-1/2

[Event "6th Transport Ministry's Cup"]
[Site "Warsaw POL"]
[Date "1980.05.24"]
[Round "2"]
[White "Uhlmann, Wolfgang"]
[Black "Pribyl, Josef"]
[Result "1/2-1/2"]
[WhiteElo "2510"]
[BlackElo "2390"]
[EventDate "1980.05.23"]
[PlyCount "46"]
[Source "Vistula"]
[SourceDate "1999.08.16"]

1.c4 e6 2.Nc3 Bb4 3.Nf3 b6 4.e4 Bb7 5.d3 Bxc3+ 6.bxc3 Ne7 7.g3 d6 8.Bh3 
Nd7 9.O-O Nc5 10.e5 dxe5 11.Nxe5 Ng6 12.Qe2 Nxe5 13.Qxe5 f6 14.Qe1 Qxd3 
15.Bxe6 Be4 16.Bg4 O-O 17.Ba3 Qxc4 18.Bxc5 bxc5 19.Qe3 Rad8 20.Rfe1 f5 21.
Be2 Bd3 22.Rad1 Bxe2 23.Rxd8 Rxd8 1/2-1/2

[Event "6th Transport Ministry's Cup"]
[Site "Warsaw POL"]
[Date "1980.05.25"]
[Round "3"]
[White "Kuligowski, Adam"]
[Black "Uhlmann, Wolfgang"]
[Result "1-0"]
[WhiteElo "2405"]
[BlackElo "2510"]
[EventDate "1980.05.23"]
[PlyCount "131"]
[Source "Vistula"]
[SourceDate "1999.08.16"]

1.c4 g6 2.e4 d6 3.d4 Nf6 4.Nc3 Bg7 5.f3 O-O 6.Nge2 e5 7.Bg5 c6 8.Qd2 Nbd7 
9.d5 h6 10.Be3 cxd5 11.cxd5 a6 12.O-O-O b5 13.Bxh6 Bxh6 14.Qxh6 b4 15.Na4 
Qa5 16.b3 Nc5 17.h4 Nxa4 18.h5 Ra7 19.bxa4 Qxa4 20.Rd2 b3 21.axb3 Qa1+ 22.
Kc2 Rc7+ 23.Kd3 Qb1+ 24.Ke3 Qxb3+ 25.Rd3 Qb6+ 26.Kd2 Nh7 27.hxg6 fxg6 28.
Rc3 Rg7 29.Qe3 Qa5 30.Kd1 Bd7 31.Nc1 Rb8 32.Qd2 Qa1 33.Ke1 Nf6 34.Rc2 Nh5 
35.Ra2 Qb1 36.Bd3 Qb7 37.Ne2 Bb5 38.Bxb5 Qxb5 39.Kf2 Qb6+ 40.Qe3 Nf4 41.
Qxb6 Rxb6 42.Nxf4 exf4 43.Rha1 Ra7 44.g3 fxg3+ 45.Kxg3 Kf7 46.Kg4 Kf6 47.
Ra4 Ra8 48.f4 Ra7 49.Ra5 Ra8 50.R1a2 Ra7 51.R2a3 Ra8 52.R3a4 Ra7 53.Ra2 
Ra8 54.R5a4 Ra7 55.R4a3 Ra8 56.Ra1 Ra7 57.Ra4 Ra8 58.Rc4 a5 59.Rc7 Rba6 
60.Re1 Re8 61.Rh1 Re7 62.Rxe7 Kxe7 63.Kg5 Kf7 64.Rh7+ Kg8 65.Kxg6 a4 66.f5
1-0

[Event "6th Transport Ministry's Cup"]
[Site "Warsaw POL"]
[Date "1980.05.25"]
[Round "3"]
[White "Pribyl, Josef"]
[Black "Rakic, Tomislav"]
[Result "1/2-1/2"]
[WhiteElo "2390"]
[BlackElo "2455"]
[EventDate "1980.05.23"]
[PlyCount "94"]
[Source "Vistula"]
[SourceDate "1999.08.16"]

1.e4 g6 2.d4 Bg7 3.Nc3 c6 4.Nf3 d6 5.h3 Nf6 6.Be2 O-O 7.O-O b5 8.e5 Ne8 9.
Bf4 d5 10.Qd2 a5 11.Bh6 Na6 12.Rfe1 Nac7 13.Bf1 Ne6 14.Ne2 f5 15.exf6 exf6
16.Bxg7 N8xg7 17.Nf4 Qd6 18.Nxe6 Bxe6 19.c3 a4 20.Re2 Rfe8 21.Rae1 g5 22.
Nh2 h5 23.h4 g4 24.g3 Bf5 25.Bg2 Rxe2 26.Rxe2 Re8 27.Rxe8+ Nxe8 28.Nf1 Kg7
29.Ne3 Bg6 30.Bf1 Qe6 31.Ng2 Be4 32.Nf4 Qf7 33.b3 axb3 34.axb3 Nc7 35.Bd3 
f5 36.Be2 Ne6 37.Nxe6+ Qxe6 38.Kf1 Qe7 39.b4 Qf6 40.Ke1 Qh6 41.Qxh6+ Kxh6 
42.Kd2 Kg6 43.Ke3 Kf6 44.Kf4 Bh1 45.Bd1 Bg2 46.Bc2 Be4 47.Bd1 Bg2 1/2-1/2

[Event "6th Transport Ministry's Cup"]
[Site "Warsaw POL"]
[Date "1980.05.25"]
[Round "3"]
[White "Schinzel, Wladyslaw"]
[Black "Bernard, Ryszard"]
[Result "1-0"]
[WhiteElo "2385"]
[BlackElo "2370"]
[EventDate "1980.05.23"]
[PlyCount "82"]
[Source "Vistula"]
[SourceDate "1999.08.16"]

1.c4 e5 2.Nc3 Nc6 3.g3 g6 4.Bg2 Bg7 5.e3 h5 6.Nf3 Nh6 7.d4 exd4 8.exd4 
Qe7+ 9.Kf1 d6 10.Bg5 f6 11.Qa4 O-O 12.Nd5 Qf7 13.Bd2 Nf5 14.Re1 g5 15.h3 
Be6 16.Rxe6 Qxe6 17.Nxc7 Qe4 18.Ne1 Qxd4 19.Bc3 Qb6 20.Nxa8 Rxa8 21.Qb5 
Qxb5 22.cxb5 Nd8 23.g4 hxg4 24.hxg4 Nh4 25.Bd5+ Kf8 26.Bb4 Rc8 27.Bxd6+ 
Ke8 28.Rh3 Kd7 29.Ba3 Rc1 30.Ke2 Ne6 31.Bxe6+ Kxe6 32.Re3+ Kd5 33.Rd3+ Ke6
34.Rd6+ Kf7 35.Rd7+ Kg6 36.Rxb7 f5 37.Rxa7 fxg4 38.b6 Rc6 39.b7 Be5 40.Nd3
Bh2 41.Bc5 Ng2 1-0

[Event "6th Transport Ministry's Cup"]
[Site "Warsaw POL"]
[Date "1980.05.25"]
[Round "3"]
[White "Sznapik, Aleksander"]
[Black "Doda, Zbigniew"]
[Result "1/2-1/2"]
[WhiteElo "2460"]
[BlackElo "2370"]
[EventDate "1980.05.23"]
[PlyCount "39"]
[Source "Vistula"]
[SourceDate "1999.08.16"]

1.e4 c5 2.Nf3 e6 3.c3 d5 4.exd5 exd5 5.d4 Nc6 6.Be2 Bd6 7.dxc5 Bxc5 8.O-O 
Nge7 9.Bg5 O-O 10.Nbd2 f6 11.Bf4 Ng6 12.Bg3 f5 13.Nb3 Bb6 14.h3 f4 15.Bh2 
Kh8 16.Qd2 Be6 17.Rad1 Qf6 18.Nbd4 Bg8 19.Rfe1 Rad8 20.Bf1 1/2-1/2

[Event "6th Transport Ministry's Cup"]
[Site "Warsaw POL"]
[Date "1980.05.25"]
[Round "3"]
[White "Vogt, Lothar"]
[Black "Bugajski, Robert"]
[Result "1-0"]
[WhiteElo "2510"]
[BlackElo "2290"]
[EventDate "1980.05.23"]
[PlyCount "72"]
[Source "Vistula"]
[SourceDate "1999.08.16"]

1.e4 c5 2.Nf3 d6 3.d4 cxd4 4.Nxd4 Nf6 5.Nc3 a6 6.Be2 e5 7.Nb3 Be7 8.O-O 
O-O 9.Kh1 Be6 10.f4 exf4 11.Bxf4 Nc6 12.Qe1 Qc7 13.Rd1 Kh8 14.Qg3 Rad8 15.
Nd5 Bxd5 16.exd5 Ne5 17.Nd4 g6 18.c4 Nfd7 19.Bh6 Rfe8 20.Rf4 Bf8 21.Bxf8 
Nxf8 22.Qc3 Kg8 23.h3 Rc8 24.b3 b5 25.Rdf1 bxc4 26.Bxc4 Nxc4 27.bxc4 Qxc4 
28.Qf3 Qc3 29.Qxc3 Rxc3 30.Rxf7 Rce3 31.Nc6 g5 32.R7f5 Ng6 33.Rxg5 Re2 34.
h4 Kg7 35.Nd4 Re1 36.Kg1 h6 {/Time/} 1-0

[Event "6th Transport Ministry's Cup"]
[Site "Warsaw POL"]
[Date "1980.05.26"]
[Round "4"]
[White "Bugajski, Robert"]
[Black "Pribyl, Josef"]
[Result "1/2-1/2"]
[WhiteElo "2290"]
[BlackElo "2390"]
[EventDate "1980.05.23"]
[PlyCount "90"]
[Source "Vistula"]
[SourceDate "1999.08.16"]

1.c4 e5 2.Nc3 Bb4 3.d3 Bxc3+ 4.bxc3 Ne7 5.Nf3 d6 6.c5 Nbc6 7.cxd6 cxd6 8.
g3 d5 9.Bg2 f6 10.O-O Be6 11.Rb1 Qd7 12.Ba3 O-O 13.Nd2 Rfd8 14.c4 dxc4 15.
Nxc4 Rab8 16.Nd6 Nf5 17.Nxf5 Bxf5 18.Bc5 b6 19.Be3 Bh3 20.Bxh3 Qxh3 21.
Qb3+ Kh8 22.Rfc1 Rbc8 23.Qa4 Qe6 24.Rc2 Na5 25.Rbc1 Rxc2 26.Qxc2 Kg8 27.
Qc7 Rd7 28.Qb8+ Kf7 29.Rc8 Nc6 30.Qa8 Nd4 31.Bxd4 exd4 32.Qc6 Re7 33.Qxe6+
Kxe6 34.e4 dxe3 35.fxe3 Kd6 36.Kf2 Rc7 37.Rxc7 Kxc7 38.Kf3 Kd6 39.Ke2 Kc5 
40.Kd2 Kb4 41.g4 b5 42.e4 a5 43.h4 Kc5 44.Ke3 b4 45.d4+ Kc4 1/2-1/2

[Event "6th Transport Ministry's Cup"]
[Site "Warsaw POL"]
[Date "1980.05.26"]
[Round "4"]
[White "Doda, Zbigniew"]
[Black "Bernard, Ryszard"]
[Result "1/2-1/2"]
[WhiteElo "2370"]
[BlackElo "2370"]
[EventDate "1980.05.23"]
[PlyCount "33"]
[Source "Vistula"]
[SourceDate "1999.08.16"]

1.d4 d5 2.c4 e6 3.Nf3 Nf6 4.Nc3 Be7 5.Bg5 O-O 6.e3 h6 7.Bxf6 Bxf6 8.Rc1 b6
9.cxd5 exd5 10.Be2 Bb7 11.O-O Nd7 12.Qb3 c6 13.Rfd1 Re8 14.Bd3 Nf8 15.a4 
Ne6 16.Bb1 a5 17.Ne2 1/2-1/2

[Event "6th Transport Ministry's Cup"]
[Site "Warsaw POL"]
[Date "1980.05.26"]
[Round "4"]
[White "Rakic, Tomislav"]
[Black "Kuligowski, Adam"]
[Result "1/2-1/2"]
[WhiteElo "2455"]
[BlackElo "2405"]
[EventDate "1980.05.23"]
[PlyCount "127"]
[Source "Vistula"]
[SourceDate "1999.08.16"]

1.d4 Nf6 2.Nf3 e6 3.Nc3 d5 4.Bg5 Be7 5.Bxf6 Bxf6 6.e4 O-O 7.Bd3 dxe4 8.
Bxe4 c5 9.dxc5 Qa5 10.O-O Qxc5 11.Re1 Nd7 12.Re3 Qe7 13.Qe2 g6 14.Rd1 Bg7 
15.Nb5 Nc5 16.b4 Nxe4 17.Rxe4 Bd7 18.Nd6 Bc6 19.Re3 Qc7 20.Qc4 Rad8 21.
Red3 Rd7 22.Nb5 Rxd3 23.Rxd3 Qb6 24.Nd6 Bd5 25.Qc5 Qxc5 26.bxc5 a6 27.c4 
Bc6 28.Rb3 Rd8 29.Kf1 Rd7 30.Ke2 h6 31.Ke3 e5 32.Rb6 Rc7 33.Ne1 h5 34.Nc2 
Bh6+ 35.Ke2 Bxg2 36.f3 Bf8 37.Ne3 Bh3 38.Nxb7 Bxc5 39.Nxc5 Rxc5 40.Rxa6 
Be6 41.Kd3 Kg7 42.Kc3 Kf6 43.Kb4 Rc8 44.c5 Kg5 45.Nc4 Kf4 46.Nd6 Rf8 47.c6
Kxf3 48.Kc5 e4 49.Kd4 Kg2 50.c7 Kxh2 51.Kxe4 h4 52.Kf4 h3 53.Ne4 g5+ 54.
Nxg5 Rh8 55.Nf3+ Kg2 56.Rd6 h2 57.Rd2+ Kh1 58.Rd8 Rh6 59.c8=Q Rf6+ 60.Ke3 
Bxc8 61.Rxc8 Kg2 62.Rg8+ Kh3 63.Rh8+ Kg3 64.Nxh2 1/2-1/2

[Event "6th Transport Ministry's Cup"]
[Site "Warsaw POL"]
[Date "1980.05.26"]
[Round "4"]
[White "Schmidt, Wlodzimierz"]
[Black "Vogt, Lothar"]
[Result "1/2-1/2"]
[WhiteElo "2430"]
[BlackElo "2510"]
[EventDate "1980.05.23"]
[PlyCount "35"]
[Source "Vistula"]
[SourceDate "1999.08.16"]

1.d4 Nf6 2.c4 g6 3.Nc3 Bg7 4.e4 d6 5.Be2 O-O 6.Nf3 e5 7.O-O Nc6 8.d5 Ne7 
9.Nd2 c5 10.dxc6 bxc6 11.b4 d5 12.Ba3 a6 13.Re1 Be6 14.Bf1 Re8 15.Bb2 Qb8 
16.cxd5 cxd5 17.a3 Rd8 18.exd5 1/2-1/2

[Event "6th Transport Ministry's Cup"]
[Site "Warsaw POL"]
[Date "1980.05.26"]
[Round "4"]
[White "Uhlmann, Wolfgang"]
[Black "Schinzel, Wladyslaw"]
[Result "1-0"]
[WhiteElo "2510"]
[BlackElo "2385"]
[EventDate "1980.05.23"]
[PlyCount "85"]
[Source "Vistula"]
[SourceDate "1999.08.16"]

1.c4 e6 2.Nc3 Nf6 3.e4 d5 4.e5 d4 5.exf6 dxc3 6.bxc3 Qxf6 7.d4 e5 8.Qe2 
Be7 9.Qxe5 Qxe5+ 10.dxe5 Nc6 11.Nf3 Bg4 12.Be2 O-O-O 13.Bf4 f6 14.Nd4 Bxe2
15.Nxc6 bxc6 16.Kxe2 fxe5 17.Be3 e4 18.Rab1 a6 19.Rb3 Rhf8 20.Rhb1 Rf5 21.
Rb8+ Kd7 22.Rd1+ Ke8 23.Rdxd8+ Bxd8 24.c5 Kd7 25.Ra8 Bf6 26.Rxa6 Bxc3 27.
Ra4 Re5 28.Rc4 Ba1 29.h4 h6 30.g4 g5 31.hxg5 hxg5 32.a4 Re8 33.Bxg5 Rg8 
34.Bf4 Rxg4 35.Rxe4 Bc3 36.Kd3 Be1 37.Be3 Rg8 38.Bd4 Bb4 39.Kc4 Bd2 40.Rh4
Ra8 41.Kd3 Ba5 42.Rh7+ Ke6 43.Ke4 1-0

[Event "6th Transport Ministry's Cup"]
[Site "Warsaw POL"]
[Date "1980.05.27"]
[Round "5"]
[White "Bernard, Ryszard"]
[Black "Uhlmann, Wolfgang"]
[Result "1/2-1/2"]
[WhiteElo "2370"]
[BlackElo "2510"]
[EventDate "1980.05.23"]
[PlyCount "63"]
[Source "Vistula"]
[SourceDate "1999.08.16"]

1.e4 e6 2.d4 d5 3.Nd2 c5 4.exd5 exd5 5.Bb5+ Bd7 6.Qe2+ Be7 7.dxc5 Nf6 8.
Nb3 O-O 9.Be3 Re8 10.Nf3 a6 11.Bd3 Qc7 12.O-O Bg4 13.Qd1 Nbd7 14.Be2 Nxc5 
15.Nxc5 Bxc5 16.Bxc5 Qxc5 17.c3 Qb6 18.Qd2 Rad8 19.Rad1 Qa5 20.a3 Qa4 21.
Rfe1 h6 22.Qd4 Qc2 23.Rd2 Qf5 24.Rdd1 Qc2 25.Rd2 Qf5 26.Rdd1 Re4 27.Qd2 
Qh5 28.Nd4 Bxe2 29.Rxe2 Rde8 30.f3 Rxe2 31.Nxe2 Qe5 32.Nd4 1/2-1/2

[Event "6th Transport Ministry's Cup"]
[Site "Warsaw POL"]
[Date "1980.05.27"]
[Round "5"]
[White "Kuligowski, Adam"]
[Black "Bugajski, Robert"]
[Result "1/2-1/2"]
[WhiteElo "2405"]
[BlackElo "2290"]
[EventDate "1980.05.23"]
[PlyCount "117"]
[Source "Vistula"]
[SourceDate "1999.08.16"]

1.c4 Nf6 2.Nc3 c5 3.g3 d5 4.cxd5 Nxd5 5.Bg2 Nxc3 6.bxc3 g6 7.Rb1 Qc7 8.
Qa4+ Nd7 9.Nf3 Bg7 10.c4 O-O 11.O-O Rd8 12.d3 b6 13.Nd4 Bb7 14.Nb5 Qc8 15.
Bxb7 Qxb7 16.Bd2 h5 17.f3 Ne5 18.Qc2 Nc6 19.Nc3 Qd7 20.Qc1 Qh3 21.Ne4 Nd4 
22.Qd1 Qe6 23.a4 h4 24.Kg2 hxg3 25.hxg3 f5 26.Nc3 Kf7 27.e3 Nc6 28.Nd5 Qd7
29.Rb3 e6 30.Nf4 Ne5 31.a5 Nxc4 32.dxc4 Qxd2+ 33.Qxd2 Rxd2+ 34.Rf2 Rxf2+ 
35.Kxf2 Rb8 36.Nd3 Rd8 37.Ke2 Rd6 38.axb6 axb6 39.Ra3 Ke7 40.Ra6 Bc3 41.
Ra3 Bf6 42.Ra8 g5 43.g4 Rd8 44.Rxd8 Kxd8 45.Kd2 Kc7 46.Kc2 Kc6 47.Kb3 b5 
48.Nc1 Be5 49.Nd3 Bf6 50.Nc1 Be7 51.Nd3 Bd6 52.Nb2 Bc7 53.Nd3 fxg4 54.fxg4
Kd6 55.e4 Kc6 56.Ne1 Be5 57.Nd3 Bd4 58.Ne1 Kb6 59.Nd3 1/2-1/2

[Event "6th Transport Ministry's Cup"]
[Site "Warsaw POL"]
[Date "1980.05.27"]
[Round "5"]
[White "Mazul, Waldemar"]
[Black "Doda, Zbigniew"]
[Result "0-1"]
[WhiteElo "2340"]
[BlackElo "2370"]
[EventDate "1980.05.23"]
[PlyCount "83"]
[Source "Vistula"]
[SourceDate "1999.08.16"]

1.e4 c5 2.Nf3 e6 3.d4 cxd4 4.Nxd4 Nc6 5.Nb5 d6 6.c4 Nf6 7.N1c3 a6 8.Na3 
Be7 9.Be2 O-O 10.O-O b6 11.Be3 Bd7 12.Qd2 Qb8 13.Rfd1 Ra7 14.Rab1 Rc8 15.
b4 Ne5 16.f3 Be8 17.Kh1 Rb7 18.f4 Ng6 19.Qd3 b5 20.cxb5 axb5 21.Naxb5 d5 
22.exd5 Bxb5 23.Nxb5 Nxd5 24.a4 Rxb5 25.Qxb5 Nxe3 26.Qxb8 Rxb8 27.Rd7 Nd5 
28.Bf3 Nc3 29.Ra1 Bxb4 30.Rb7 Rxb7 31.Bxb7 Ba5 32.g3 Kf8 33.Re1 Ne7 34.f5 
Nxf5 35.Re5 Bb6 36.a5 Ba7 37.Re1 Nd6 38.Bc6 Ke7 39.Rc1 Ne2 40.Rb1 Nd4 41.
Ba4 e5 42.Bb3 0-1

[Event "6th Transport Ministry's Cup"]
[Site "Warsaw POL"]
[Date "1980.05.27"]
[Round "5"]
[White "Schinzel, Wladyslaw"]
[Black "Rakic, Tomislav"]
[Result "1-0"]
[WhiteElo "2385"]
[BlackElo "2455"]
[EventDate "1980.05.23"]
[PlyCount "47"]
[Source "Vistula"]
[SourceDate "1999.08.16"]

1.d4 g6 2.c4 Bg7 3.Nc3 d6 4.e4 Nd7 5.f4 e5 6.fxe5 dxe5 7.d5 Ngf6 8.Be3 c5 
9.Bd3 O-O 10.Nf3 Ng4 11.Bg1 f5 12.Qe2 Bh6 13.h3 Ngf6 14.Bh2 fxe4 15.Bxe4 
Nxe4 16.Qxe4 Nf6 17.Qh4 Be3 18.Bxe5 Qe8 19.Kd1 Nd7 20.Bd6 Rf5 21.Re1 g5 
22.Qe4 Qxe4 23.Nxe4 Bf4 24.g4 1-0

[Event "6th Transport Ministry's Cup"]
[Site "Warsaw POL"]
[Date "1980.05.27"]
[Round "5"]
[White "Vogt, Lothar"]
[Black "Sznapik, Aleksander"]
[Result "1/2-1/2"]
[WhiteElo "2510"]
[BlackElo "2460"]
[EventDate "1980.05.23"]
[PlyCount "38"]
[Source "Vistula"]
[SourceDate "1999.08.16"]

1.e4 c5 2.Nf3 d6 3.d4 cxd4 4.Nxd4 Nf6 5.Nc3 e6 6.Be2 Be7 7.O-O Nc6 8.Be3 
O-O 9.f4 Qc7 10.Kh1 Nxd4 11.Qxd4 e5 12.Qd3 a6 13.a4 exf4 14.Bxf4 Be6 15.
Qg3 Rfd8 16.Bd3 Nh5 17.Qf3 Nxf4 18.Qxf4 Bf6 19.Nd1 Be5 1/2-1/2

[Event "6th Transport Ministry's Cup"]
[Site "Warsaw POL"]
[Date "1980.05.28"]
[Round "6"]
[White "Doda, Zbigniew"]
[Black "Uhlmann, Wolfgang"]
[Result "1/2-1/2"]
[WhiteElo "2370"]
[BlackElo "2510"]
[EventDate "1980.05.23"]
[PlyCount "21"]
[Source "Vistula"]
[SourceDate "1999.08.16"]

1.Nf3 g6 2.d4 Nf6 3.g3 Bg7 4.Bg2 O-O 5.O-O d6 6.c4 Nbd7 7.Nc3 e5 8.Qc2 c6 
9.Rd1 Re8 10.dxe5 dxe5 11.Ng5 1/2-1/2